Language Quiz

Random Language Quiz
Score 0/30 Timer 06:00
0 Plays Today
RANK WORD % Correct
1IN
87.5%
2ON
86.4%
7MAN
86.4%
3CAN
83%
28WIN
78.4%
4WHEN
76.1%
6THEN
76.1%
18RUN
75%
5THAN
71.6%
9WOMAN
69.3%
13MEAN
45.5%
8EVEN
40.9%
12OWN
40.9%
16AGAIN
40.9%
10DOWN
36.4%
RANK WORD % Correct
26OPEN
30.7%
14BEGIN
25%
22LEARN
22.7%
15TURN
18.2%
25WITHIN
17%
30HUMAN
14.8%
24PERSON
12.5%
21OFTEN
9.1%
11BETWEEN
8%
27REASON
8%
19HAPPEN
6.8%
23INFORMATION
6.8%
29EDUCATION
6.8%
17QUESTION
5.7%
20MILLION
4.5%
Remove Ads.
Support Sporcle.
Get the best of Sporcle when you Go Orange. This ad-free experience offers more features, more stats, and more fun while also helping to support Sporcle. Thank you for becoming a member.

You're not logged in!

Compare scores with friends on all Sporcle quizzes.
OR
Log In

Show Comments

Extras

Created Aug 18, 2016ReportNominate
Tags:common, Ending

Top Quizzes Today


Score Distribution

Your Account Isn't Verified!

In order to create a playlist on Sporcle, you need to verify the email address you used during registration. Go to your Sporcle Settings to finish the process.

Report this User

Report this user for behavior that violates our Community Guidelines.

Details: